Chemical and catalytic reaction engineering /
Guardado en:
| Autor Principal: | |
|---|---|
| Formato: | Libro |
| Idioma: | English |
| Publicado: |
New York :
McGraw-Hill,
c1976.
|
| Series: | McGraw-Hill chemical engineering series
|
| Materias: | |
| Etiquetas: |
Agregar Etiqueta
Sin Etiquetas, Sea el primero en etiquetar este registro!
|
| LEADER | 00829pam a22002415a 4500 | ||
|---|---|---|---|
| 001 | EIQ.libpla000660 | ||
| 008 | 760123s1976####nyua#####b####001#0#eng#d | ||
| 005 | 20060420143933.0 | ||
| 245 | 1 | 0 | |a Chemical and catalytic reaction engineering / |c James J. Carberry. |
| 260 | |a New York : |b McGraw-Hill, |c c1976. | ||
| 300 | |a xxi, 642 p. : |b il. ; |c 25 cm. | ||
| 440 | 0 | |a McGraw-Hill chemical engineering series | |
| 504 | |a Incluye referencias bibliográfica e índice. | ||
| 020 | |a 0070097909 | ||
| 100 | 1 | |a Carberry, James J. | |
| 082 | 0 | 0 | |a 660.2/9/9 |
| 650 | 4 | |a Catálisis |x Reacciones químicas. | |
| 650 | 4 | |a Procesos químicos |x Teoría. | |
| 650 | 4 | |a Chemical processes |x Theory. | |
| 650 | 4 | |a Catalysis |x Chemical reactions. | |
| 010 | |a 76001963 | ||
| 040 | |a DLC |c DLC |d AR-BbSID | ||
| 859 | |a AR-BbSID |b BIB. PLAPIQUI |h 541.39 |i C 177 |p 448 | ||
